effet de diffeerents engrais organiques sur la culture de la margose a la station experimentale de l'universite royale d'agriculture, ឥទ្ធិពលជីធម្មជាតិប្រភេទផ្សឹងៗគ្នាទឿលើដំណាំម្រះក្នុងស្ថានីពិសោធន៍ដំណាំនសាកលវិទ្យាល័យភូមិន្ធកសិកម្ម. (Record no. 1551)

000 -LEADER
fixed length control field 00787nam a22001577a 4500
003 - CONTROL NUMBER IDENTIFIER
control field OSt
005 - DATE AND TIME OF LATEST TRANSACTION
control field 20151001092432.0
008 - FIXED-LENGTH DATA ELEMENTS--GENERAL INFORMATION
fixed length control field 151001b xxu||||| |||| 00| 0 eng d
040 ## - CATALOGING SOURCE
Transcribing agency RUA
082 ## - DEWEY DECIMAL CLASSIFICATION NUMBER
Classification number AGR KOR 2007 B062 Or.1
100 ## - MAIN ENTRY--PERSONAL NAME
9 (RLIN) 1643
Personal name KORNG, SAVANG.
245 ## - TITLE STATEMENT
Title effet de diffeerents engrais organiques sur la culture de la margose a la station experimentale de l'universite royale d'agriculture, ឥទ្ធិពលជីធម្មជាតិប្រភេទផ្សឹងៗគ្នាទឿលើដំណាំម្រះក្នុងស្ថានីពិសោធន៍ដំណាំនសាកលវិទ្យាល័យភូមិន្ធកសិកម្ម.
260 ## - PUBLICATION, DISTRIBUTION, ETC. (IMPRINT)
Place of publication, distribution, etc. phnom phen
Name of publisher, distributor, etc. RUA
Date of publication, distribution, etc. 2007
300 ## - PHYSICAL DESCRIPTION
Extent 47p.
Other physical details ill.
Dimensions 29cm.
942 ## - ADDED ENTRY ELEMENTS (KOHA)
Source of classification or shelving scheme
Koha item type AGR
Holdings
Price effective from Date last seen Permanent Location Not for loan Date acquired Source of classification or shelving scheme Koha item type Lost status Withdrawn status Date last checked out Total Checkouts Shelving location Damaged status Barcode Current Location Full call number
2015-10-012025-09-10Library Block B 2015-10-01 AGR  2025-08-191B062 RUA004053Library Block AAGR KOR 2007 B062 Or.6
2015-10-012015-10-01Library Block B 2015-10-01 AGR    B062 RUA017520Library Block BAGR KOR 2007 B062 Or.1
2015-10-012020-08-07Library Block B 2015-10-01 AGR  2020-07-131B062 RUA017874Library Block BAGR KOR 2007 B062 Or.2
2015-10-012015-10-01Library Block B 2015-10-01 AGR    B062 RUA017810Library Block BAGR KOR 2007 B062 Or.3
2015-10-012024-06-25Library Block B 2015-10-01 AGR  2024-05-171B062 RUA017954Library Block BAGR KOR 2007 B062 Or.4
2015-10-012015-10-01Library Block B 2015-10-01 AGR    B062 RUA004051Library Block BAGR KOR 2007 B062 Or.5
2015-10-012015-10-01Library Block B 2015-10-01 AGR    B062 RUA004052Library Block BAGR KOR 2007 B062 Or.7
2015-10-042025-08-16Library Block B 2015-10-04 AGR  2025-08-152  RUA006322Library Block BAGR KOR 2007 B062 Or.8
មជ្ឈមណ្ឌលឯការនៃសាកលវិទ្យាល័យភូមិន្ទកសិកម្មចំការដូង

Powered by Koha